00663cam a22002051 45000010005000000030008000050050017000130080041000300350019000710400036000900410008001260820022001342450055001562600040002113000046002515000077002975040030003746500021004047000032004259498BD-RjUL20211208234805.0140121s1966 enka b 000 0 eng  a(BD-RjUL) 9543 aDLC/ICUcICUdDLCdBD-RjULbeng aeng00a539.721bANA 196614aThe analytic S-matrix /cby R.J. Eden ... [et.al]. aCambridge :bCambridge U.P.,c1966. aviii, 287 p. :btables, diagrs. ;c24 cm. aCollaborators: R.J. Eden, P.V. Landshoff, D.I. Olive, J.C. Polkinghorne. aBibliography: p. 279-283. 0aS-matrix theory. aEden, R. J.q(Richard John)